Statistics for Name a Valid Word A-Z

Click here to take the quiz!

General Stats

  • This quiz has been taken 135 times
  • The average score is 10 of 26

Answer Stats

LetterCriteriaAnswer% Correct
BA girl's name ends with "a"Bella | Brianna | Briana | Briella | Bria | Barbara | Belinda...
79%
MA US State that borders the AtlanticMaine | Maryland
79%
AA national capital that is in AfricaAbuja | Accra | Addis Ababa | Algiers | Antananarivo | Asmara
75%
PA country name which has a population density more than 100 P/Km2Pakistan | Philippines | Poland | Portugal
75%
CUS President's last name who is in office for more than 5 yearsClinton | Coolidge | Cleveland
73%
YA currency nameYen | Yuan
68%
WA US state which its capital is its largest cityWest Virginia | Wyoming
64%
UA Former Soviet Socialistic RepublicUkraine | Uzbekistan
61%
HAn island larger than 50000 Km2Honshu | Hokkaido | Hispaniola
52%
IA moon of JupiterIo | Iocaste | Isonoe
51%
GAn UK Overseas TerritoryGibraltar
50%
XA word that does NOT start with Xy and is NOT X-rayXerox | Xeric | Xenon | Xebec | Xanthic | Xiphoid | Xanthous
46%
VA city that had held olympicsVancouver
37%
KA Russian OblastKaliningrad | Kaluga | Kemerovo | Kherson | Kirov | Kostroma | Kurgan | Kursk
32%
NA partially recognised country (i.e. UN members recognising them = n and 1 ≤ n < 193)North Korea | Northern Cyprus
31%
QA chess opening starting with 1.d4, excluding the answer of "Queen's Pawn Game"Queen's Gambit | Queen's Indian
27%
JA person/family with net worth more than $50BJeff Bezos | Julia Koch & family | Jim Walton
24%
FA city in China which is in Guangdong or Fujian provincesFoshan | Fu'an | Fuding | Fuzhou
22%
EA Minecraft Mob which is Hostile to the playerElder Guardian | Ender Dragon | Endermite | Evoker
21%
DA Periodic ElementDubnium | Dysprosium
11%
TAn official language in South AfricaTsonga | Tswana
8%
OAn Among Us Polus LocationO2 | Office | Outside
5%
SA province in China which is north of Yangtze RiverShanxi | Shandong | Shaanxi
5%
LA Youtube Channel with more than 40,000,000 subscribersLike Nastya | LooLoo Kids - Nursery Rhymes and Children's Songs | Little Baby Bum - Nursery Rhymes & Kids Songs | Luisito Comunica
1%
RA Giant Ionic StructureRubidium Fluoride | Radium Fluoride...
0%
ZAn endonym of a country whose exonym does not start with "Z"Zhongguo
0%

Score Distribution

Percentile by Number Answered

Percent of People with Each Score

Your Score History

You have not taken this quiz